2006 Asian Games Medal Table - Statistics

General Stats
  • This quiz has been taken 10 times
  • The average score is 34 of 38
Answer Stats
Answer % Correct
China
100%
India
100%
Iran
100%
Iraq
100%
Japan
100%
North Korea
100%
Pakistan
100%
Philippines
100%
Qatar
100%
Saudi Arabia
100%
Singapore
100%
South Korea
100%
Syria
100%
Uzbekistan
100%
Vietnam
100%
Afghanistan
90%
Bangladesh
90%
Chinese Taipei
90%
Indonesia
90%
Jordan
90%
Kazakhstan
90%
Laos
90%
Malaysia
90%
Nepal
90%
Sri Lanka
90%
Tajikistan
90%
Thailand
90%
Turkmenistan
90%
United Arab Emirates
90%
Yemen
90%
Kuwait
80%
Kyrgyzstan
80%
Lebanon
80%
Mongolia
80%
Bahrain
70%
Myanmar
70%
Hong Kong
60%
Macau
60%
No matching quizzes found
Score Distribution
Percent of People with Each Score
Percentile by Number Answered
Your Score History
You have not taken this quiz